000 006110000a22001810004500
003 MACL
005 20151208160237.0
008 151208b xxu||||| |||| 00| 0 eng d
040 _aMACL
_cMACL
041 _aHindi
082 _a741.642
100 _aदेवेन्‍द कुमार
_919730
245 _aएशिया और यूरोप की सर्वश्रेष्‍ठ लाेककथाएं
260 _bटांसवर्ल्‍ड पब्लिशर्स
_c2009
350 _a150
650 _aचिल्‍डन बुक
_9314
942 _cHIN
_k741.642
_2ddc
999 _c44572
_d44572